LEADER 00952nam--2200361---450- 001 990005865650203316 005 20130702103754.0 010 $a0-19-825065-7 035 $a000586565 035 $aUSA01000586565 035 $a(ALEPH)000586565USA01 035 $a000586565 100 $a20130702d2000----km-y0itay50------ba 101 $aeng 102 $aGB 105 $a||||||||001yy 200 1 $aPyrrho, his antecedents, and his legacy$fRichard Bett 210 $aOxford$cOxford University$d2000 215 $aX,264 p.$d24 cm 410 0$12001 454 1$12001 461 1$1001-------$12001 606 0 $aScetticismo$2BNCF 676 $a186.1 700 1$aBETT,$bRichard$0617418 801 0$aIT$bsalbc$gISBD 912 $a990005865650203316 951 $aCF 175$b7877 DSA 959 $aBK 969 $aDSA 979 $aDSA$b90$c20130702$lUSA01$h1037 996 $aPyrrho, his antecedents, and his legacy$91086674 997 $aUNISA LEADER 04118nam 22006492 450 001 9910450407503321 005 20151005020622.0 010 $a1-107-12967-2 010 $a1-280-41817-6 010 $a9786610418176 010 $a1-139-14679-3 010 $a0-511-17052-1 010 $a0-511-06719-4 010 $a0-511-06088-2 010 $a0-511-29758-0 010 $a0-511-54219-4 010 $a0-511-06932-4 035 $a(CKB)1000000000018002 035 $a(EBL)217697 035 $a(OCoLC)70747276 035 $a(SSID)ssj0000206835 035 $a(PQKBManifestationID)11189466 035 $a(PQKBTitleCode)TC0000206835 035 $a(PQKBWorkID)10246502 035 $a(PQKB)10172868 035 $a(UkCbUP)CR9780511542190 035 $a(MiAaPQ)EBC217697 035 $a(Au-PeEL)EBL217697 035 $a(CaPaEBR)ebr10069947 035 $a(CaONFJC)MIL41817 035 $a(EXLCZ)991000000000018002 100 $a20090505d2002|||| uy| 0 101 0 $aeng 135 $aur||||||||||| 181 $ctxt$2rdacontent 182 $cc$2rdamedia 183 $acr$2rdacarrier 200 10$aMultitrophic level interactions /$fedited by Teja Tscharntke and Bradford A. Hawkins$b[electronic resource] 210 1$aCambridge :$cCambridge University Press,$d2002. 215 $a1 online resource (vii, 274 pages) $cdigital, PDF file(s) 300 $aTitle from publisher's bibliographic system (viewed on 05 Oct 2015). 311 $a0-521-08418-0 311 $a0-521-79110-3 320 $aIncludes bibliographical references and index. 327 $aMultitrophic level interactions: an introduction / Teja Tscharntke and Bradford A. Hawkins -- Plant genetic variation in tritrophic interactions / J. Daniel Hare -- Multitrophic/multispecies mutualistic interactions: the role of non-mutualists in shaping and mediating mutualisms / Judith L. Bronstein and Pedro Barbosa -- Tritrophic interactions in tropical versus temperate communities / Lee A. Dyer and Phyllis D. Coley -- Endophytic fungi and interactions among host plants, herbivores, and natural enemies / Stanley H. Faeth and Thomas L. Bultman -- Multitrophic interactions in space: metacommunity dynamics in fragmented landscapes / Saskya van Nouhuys and Ilkka Hanski -- The chemical ecology of plant-caterpillar-parasitoid interactions / Ted. C.J. Turlings [and others] -- Canopy architecture and multitrophic interactions / Je?ro?me Casas and Imen Djemai -- Tritrophic below- and above-ground interactions in succession / Valerie K. Brown and Alan C. Gange -- Multitrophic interactions in decomposer food-webs / Stefan Scheu and Heikki Seta?la?. 330 $aThe multitrophic level approach to ecology addresses the complexity of food webs much more realistically than the traditional focus on simple systems and interactions. Only in the last few decades have ecologists become interested in the nature of more complex systems including tritrophic interactions between plants, herbivores and natural enemies. Plants may directly influence the behaviour of their herbivores' natural enemies, ecological interactions between two species are often indirectly mediated by a third species, landscape structure directly affects local tritrophic interactions and below-ground food webs are vital to above-ground organisms. The relative importance of top-down effects (control by predators) and bottom-up effects (control by resources) must also be determined. These interactions are explored in this exciting volume by expert researchers from a variety of ecological fields. This book provides a much-needed synthesis of multitrophic level interactions and serves as a guide for future research for ecologists of all descriptions. 606 $aMultitrophic interactions (Ecology) 615 0$aMultitrophic interactions (Ecology) 676 $a577/.1 700 $aTscharntke$b Teja$f1952-$01042630 702 $aHawkins$b Bradford A. 801 0$bUkCbUP 801 1$bUkCbUP 906 $aBOOK 912 $a9910450407503321 996 $aMultitrophic level interactions$92467010 997 $aUNINA